Normal view MARC view
  • Great Britain.

Entry Corporate Name

Number of records used in: 0

001 - CONTROL NUMBER

  • control field: 375552

003 - CONTROL NUMBER IDENTIFIER

  • control field: KE-NaSUL

005 - DATE AND TIME OF LATEST TRANSACTION

  • control field: 20250829194442.0

008 - FIXED-LENGTH DATA ELEMENTS

  • fixed length control field: 250829|| aca||aabn | a|a d

040 ## - CATALOGING SOURCE

  • Original cataloging agency: KE-NaSUL
  • Transcribing agency: KE-NaSUL

110 ## - HEADING--CORPORATE NAME

  • Corporate name or jurisdiction name as entry element: Great Britain.
  • Subordinate unit: Royal Navy.
  • Subordinate unit: British Pacific Fleet
  • General subdivision: History

670 ## - SOURCE DATA FOUND

  • Source citation: Work cat.: (KE-NaSUL)297244: Robb-Webb, Jon. 375551, The British Pacific Fleet experience and legacy, 1944-50, 2013.

© Strathmore University Library
Madaraka Estate, Ole Sangale Road | P. O. Box 59857 - 00200 City Square, Nairobi, Kenya
(+254) (0)703 034 000/200/300 | (+254) (0)20-607498